Prueba de Esuatini - Estadísticas

Estadísticas generales
  • Esta prueba ha sido intentada 666 veces
  • La puntuación promedio es 11 de 18
Estadísticas de respuestas
Pista Respuesta % Correcto
Países limítrofes Sudáfrica
98%
Países limítrofes Mozambique
94%
El ex rey Sobhuza II tuvo el ______ más largo de cualquier monarca en la historia Reinado
88%
Otro idioma oficial Inglés
87%
País del que Esuatini obtuvo su independencia en 1968 Reino Unido
86%
Nombra cualquiera de las dos monarquías de África que no sea la de Esuatini Lesoto | Marruecos
83%
El 27,2% de los adultos son positivos para este virus, más que en cualquier otro país VIH
80%
El animal que representa al rey de Esuatini Leon
77%
Nombre de Esuatini antes de 2018 Suazilandia
77%
Ese monarca tiene actualmente 16 _____ - su predecesor tenía 125 Esposas
75%
Capital ejecutiva de Esuatini Mbabane
60%
Idioma principal y grupo étnico más grande Suazi
57%
El objeto en blanco y negro que aparece en la bandera Escudo
53%
El animal que representa a la Reina Madre de Esuatini Elefante
48%
Sibebe es el segundo ______ más grande del mundo, después de Uluru Monolito
30%
Capital legislativa y tradicional Lobamba
21%
El actual monarca absoluto {Mswati} III
18%
Tipo de paisaje rural abierto, empezando con V, que cubre la mayor parte de Esuatini Veld
11%
No se encontraron pruebas coincidentes
Distribución de puntuación
Porcentaje de gente con cada puntuación
Porcentaje por número respondido
Historial de tus puntuaciones
No has intentado esta prueba.